Thế giới nhân vật trong tiểu thuyết của Đỗ Phấn
Chuyên ngành: Văn học Việt Nam; Mã số: 82.20.121; Ý kiến về việc sao chép tài liệu: đồng ý sao chép 30%; Ý kiến về việc chuyển dạng tài liệu ( từ giấy sang điện tử): đồng ý; TM tài liệu tham khảo sau phần kết luận; Luận văn Thạc sĩ Ngữ...
Guardat en:
| Autor principal: | |
|---|---|
| Altres autors: | |
| Format: | Llibre |
| Idioma: | Undetermined |
| Publicat: |
Bình Dương
2018
|
| Matèries: | |
| Accés en línia: | http://lrc.tdmu.edu.vn/opac/search/detail.asp?aID=2&ID=36736 |
| Etiquetes: |
Afegir etiqueta
Sense etiquetes, Sigues el primer a etiquetar aquest registre!
|
| Thư viện lưu trữ: | Trung tâm Học liệu Trường Đại học Thủ Dầu Một |
|---|
| LEADER | 01589nam a2200205Ia 4500 | ||
|---|---|---|---|
| 001 | TDMU_36736 | ||
| 008 | 210410s9999 xx 000 0 und d | ||
| 082 | |a 338.7672 | ||
| 090 | |b TR121 | ||
| 100 | |a Trần, Thị Anh | ||
| 245 | 0 | |a Thế giới nhân vật trong tiểu thuyết của Đỗ Phấn | |
| 245 | 0 | |c Trần Thị Anh; PGS.TS. Nguyễn Văn Kha (hướng dẫn) | |
| 260 | |a Bình Dương | ||
| 260 | |c 2018 | ||
| 300 | |a 129tr | ||
| 520 | |a Chuyên ngành: Văn học Việt Nam; Mã số: 82.20.121; Ý kiến về việc sao chép tài liệu: đồng ý sao chép 30%; Ý kiến về việc chuyển dạng tài liệu ( từ giấy sang điện tử): đồng ý; TM tài liệu tham khảo sau phần kết luận; Luận văn Thạc sĩ Ngữ văn trường ĐH Thủ Dầu Một, 2018; Luận văn gồm 3 chương. Chương 1 Khái lược về nhân vật tiểu thuyết và nhà văn Đỗ Phấn; Chương 2 Các kiểu nhân vật trong tiểu thuyết của Đỗ Phấn; Chương 3.Nghệ thuật xây dựng nhân vật trong tiểu thuyết của Đỗ Phấn | ||
| 650 | |a Luận văn; Thế giới nhân vật |x Tiểu thuyết; Đỗ Phấn |x Nghệ thuật xây dựng nhân vật | ||
| 700 | |a Nguyễn Văn Kha | ||
| 856 | |u http://lrc.tdmu.edu.vn/opac/search/detail.asp?aID=2&ID=36736 | ||
| 980 | |a Trung tâm Học liệu Trường Đại học Thủ Dầu Một | ||